[Event "4NCL Division 4 South"]
[Site "Maidenhead, ENG"]
[Date "2019.11.09"]
[Round "1.11"]
[White "Bennet-Stevens, Lucy"]
[Black "Kalitsis, Nikolaos"]
[Result "0-1"]
[WhiteElo "1937"]
[BlackElo "2045"]
[PlyCount "60"]
[EventDate "2019.11.09"]
[WhiteTeam "Sussex Martlets 3"]
[BlackTeam "CSC 2"]

1. e4 e6 2. d4 d5 3. e5 c5 4. c3 Nc6 5. Nf3 Bd7 6. Bd3 Rc8 7. a3 Nge7 8. O-O
cxd4 9. cxd4 Qb6 10. Bc2 Nf5 11. Bxf5 exf5 12. Nc3 Be6 13. Na4 Qb5 14. Bd2 h6
15. h4 Be7 16. g3 f4 17. Nc3 Qxb2 18. Rb1 Qxa3 19. Ra1 Qb4 20. Nxd5 Qc4 21.
Nxe7 Kxe7 22. Rc1 Qd5 23. Rc5 Qd7 24. Bxf4 b6 25. Rc3 Nxd4 26. Rd3 Nxf3+ 27.
Qxf3 Qc6 28. Ra1 a5 29. Qe3 Rhd8 30. Rc1 Qxc1+ 0-1

[Event "4NCL Division 4 South"]
[Site "Maidenhead, ENG"]
[Date "2019.11.09"]
[Round "1.12"]
[White "Amato, Giampiero"]
[Black "Finn, Daniel"]
[Result "1-0"]
[WhiteElo "1995"]
[BlackElo "1817"]
[PlyCount "91"]
[EventDate "2019.11.09"]
[WhiteTeam "CSC 2"]
[BlackTeam "Sussex Martlets 3"]

1. d4 d5 2. Bg5 h6 3. Bh4 c6 4. e3 Qb6 5. Qc1 e6 6. Nd2 Be7 7. Bxe7 Nxe7 8. c4
O-O 9. Ngf3 Nd7 10. Be2 Nf6 11. O-O Bd7 12. c5 Qc7 13. b4 Ng6 14. Bd3 Ne7 15.
a4 a6 16. Qb2 Nh7 17. Rfb1 Rfb8 18. Nb3 b6 19. Ne5 f6 20. cxb6 Rxb6 21. Nxd7
Qxd7 22. Nc5 Qc8 23. a5 Rbb8 24. Qe2 e5 25. Bxa6 Qf5 26. Bb7 Ra7 27. a6 Ng5 28.
b5 cxb5 29. Rxb5 Kh8 30. Rab1 Ne4 31. Nxe4 Qxe4 32. f3 Qg6 33. R1b2 Qe8 34. e4
dxe4 35. Qxe4 Qd8 36. d5 Qc7 37. Qe3 Nc8 38. Rc5 Qd8 39. Rxc8 Rxc8 40. Qxa7 Qa5
41. Kf2 Rc1 42. Qe3 Qa1 43. Re2 Qb1 44. Qe4 Rf1+ 45. Kg3 Qc1 46. a7 1-0

[Event "4NCL Division 4 South"]
[Site "Maidenhead, ENG"]
[Date "2019.11.09"]
[Round "1.13"]
[White "Hedger, Alec"]
[Black "Foley, John P"]
[Result "1/2-1/2"]
[WhiteElo "1810"]
[BlackElo "1967"]
[PlyCount "85"]
[EventDate "2019.11.09"]
[WhiteTeam "Sussex Martlets 3"]
[BlackTeam "CSC 2"]

1. e4 c6 2. d4 d5 3. exd5 cxd5 4. c4 Nf6 5. Nc3 g6 6. cxd5 Nxd5 7. Bb5+ Bd7 8.
Bc4 Bc6 9. Qb3 e6 10. Nf3 Bg7 11. Bg5 Qa5 12. O-O O-O 13. Rac1 Nxc3 14. Rxc3
Bxf3 15. Rxf3 Nc6 16. Bf6 Bxf6 17. Rxf6 Qg5 18. Rf3 Nxd4 19. Rg3 Nxb3 20. Rxg5
Nd2 21. Rc1 Rac8 22. b3 a6 23. Rc2 Nxc4 24. bxc4 f5 25. f4 Rfd8 26. Re2 Kf7 27.
Rb2 Rd7 28. Rb4 Rcc7 29. Rg3 Rd1+ 30. Kf2 Rd2+ 31. Ke3 Rcd7 32. Rxb7 Rxb7 33.
Kxd2 Rb2+ 34. Kc3 Rxa2 35. Kb3 Rd2 36. Kc3 Rd6 37. Rh3 h5 38. c5 Rd1 39. Rg3
Kf6 40. Kb4 Rb1+ 41. Kc4 Rc1+ 42. Kb4 Rb1+ 43. Kc4 1/2-1/2

[Event "4NCL Division 4 South"]
[Site "Maidenhead, ENG"]
[Date "2019.11.09"]
[Round "1.14"]
[White "Fowler, David"]
[Black "Hedger, Timothy"]
[Result "1-0"]
[WhiteElo "1964"]
[BlackElo "1750"]
[PlyCount "81"]
[EventDate "2019.11.09"]
[WhiteTeam "CSC 2"]
[BlackTeam "Sussex Martlets 3"]

1. d4 d5 2. Nc3 c6 3. e4 e6 4. Nf3 f5 5. exf5 exf5 6. Bf4 Nf6 7. Ne5 Bd6 8. Bd3
O-O 9. Ne2 Ne4 10. f3 Bxe5 11. Bxe5 Nd6 12. O-O Nf7 13. f4 Nxe5 14. fxe5 Qg5
15. Nf4 g6 16. c3 Re8 17. b4 b5 18. a4 bxa4 19. Qxa4 Bd7 20. Qa5 Qd8 21. Nxd5
Qxa5 22. Nf6+ Kf7 23. Rxa5 h5 24. Nxe8 Bxe8 25. Rfa1 a6 26. Bxa6 Nxa6 27. Rxa6
Rxa6 28. Rxa6 Ke6 29. b5 Kd7 30. b6 c5 31. d5 g5 32. Ra8 Bf7 33. e6+ Bxe6 34.
dxe6+ Kxe6 35. b7 c4 36. b8=Q f4 37. Ra5 g4 38. Qe5+ Kf7 39. Ra7+ Kg6 40. Rg7+
Kh6 41. Qg5# 1-0

[Event "4NCL Division 4 South"]
[Site "Maidenhead, ENG"]
[Date "2019.11.09"]
[Round "1.15"]
[White "Woods, Timothy J"]
[Black "Lawson, Maurice E"]
[Result "0-1"]
[WhiteElo "1675"]
[BlackElo "1962"]
[PlyCount "54"]
[EventDate "2019.11.09"]
[WhiteTeam "Sussex Martlets 3"]
[BlackTeam "CSC 2"]

1. e4 c6 2. d4 d5 3. Nc3 dxe4 4. Nxe4 Bf5 5. Ng3 Bg6 6. Nf3 Nd7 7. h4 h6 8. h5
Bh7 9. Bd3 Bxd3 10. Qxd3 e6 11. Bf4 Qa5+ 12. Bd2 Qc7 13. O-O-O Ngf6 14. Kb1
O-O-O 15. c4 c5 16. Ne4 Nxe4 17. Qxe4 Bd6 18. g3 Rhe8 19. Qd3 e5 20. dxe5 Nxe5
21. Nxe5 Bxe5 22. Qa3 Qc6 23. Be3 Bd4 24. Ka1 Bxe3 25. fxe3 Kb8 26. Qc3 f6 27.
Rde1 Qe4 0-1

[Event "4NCL Division 4 South"]
[Site "Maidenhead, ENG"]
[Date "2019.11.09"]
[Round "1.16"]
[White "Frostick, Helen M"]
[Black "Finn, Elizabeth"]
[Result "0-1"]
[WhiteElo "1909"]
[BlackElo "1585"]
[PlyCount "88"]
[EventDate "2019.11.09"]
[WhiteTeam "CSC 2"]
[BlackTeam "Sussex Martlets 3"]

1. d4 d5 2. Nf3 Nf6 3. g3 e6 4. Bg2 Be7 5. O-O O-O 6. Nbd2 Nbd7 7. Re1 c6 8. c4
Re8 9. b3 Qc7 10. Bb2 a6 11. h3 b5 12. c5 a5 13. a4 b4 14. Rc1 Ba6 15. Qc2 Nh5
16. e4 dxe4 17. Nxe4 Nhf6 18. Nxf6+ Bxf6 19. Nd2 e5 20. d5 cxd5 21. Bxd5 Rad8
22. Ne4 Be7 23. c6 Nb6 24. Nc5 Bxc5 25. Bxe5 Rxe5 26. Rxe5 Qxe5 27. Qxc5 Nxd5
28. Qxa5 Ra8 29. Rd1 Qe2 30. Qxd5 Re8 31. c7 Bb7 32. Qd7 Qe4 33. Qxe8+ Qxe8 34.
Rd8 Kf8 35. Rxe8+ Kxe8 36. Kf1 Kd7 37. Ke2 Bd5 38. c8=Q+ Kxc8 39. Kd2 Bxb3 40.
a5 Kb7 41. Kc1 Ka6 42. Kb2 Be6 43. g4 Kxa5 44. f4 g6 0-1

[Event "4NCL Division 4 South"]
[Site "Maidenhead, ENG"]
[Date "2019.11.09"]
[Round "1.21"]
[White "Feavyour, John A"]
[Black "Vachtfeidl, Petr"]
[Result "1-0"]
[WhiteElo "1944"]
[BlackElo "1863"]
[PlyCount "97"]
[EventDate "2019.11.09"]
[WhiteTeam "Iceni 2"]
[BlackTeam "CSC 3"]

1. d4 Nf6 2. c4 g6 3. Nc3 d5 4. cxd5 Nxd5 5. Nf3 Bg7 6. g3 Nb6 7. Bg2 Nc6 8. e3
O-O 9. O-O Re8 10. Qe2 e5 11. dxe5 Nxe5 12. Nxe5 Bxe5 13. Rd1 Qe7 14. Bd2 c6
15. Rac1 Be6 16. b3 a5 17. Be1 a4 18. Rb1 axb3 19. axb3 Ra3 20. Qc2 Rea8 21. e4
Qc5 22. Rdc1 Rd8 23. Bf1 h5 24. Kg2 h4 25. Na4 Qxc2 26. Rxc2 Rxb3 27. Rxb3 Bxb3
28. Rc5 Nxa4 29. Rxe5 Rd1 30. Re8+ Kg7 31. Bb4 h3+ 32. Kxh3 Rxf1 33. f4 Rf2 34.
Bf8+ Kh7 35. Bd6 Be6+ 36. g4 Rd2 37. Be5 f6 38. Bxf6 Bg8 39. Re7+ Kh6 40. Bg7+
Kh7 41. Bc3+ Kh6 42. Bxd2 Nc5 43. f5+ g5 44. Bc3 Nd3 45. Bg7+ Kh7 46. Kg3 b5
47. Bf6+ Kh6 48. h4 gxh4+ 49. Kxh4 1-0

[Event "4NCL Division 4 South"]
[Site "Maidenhead, ENG"]
[Date "2019.11.09"]
[Round "1.22"]
[White "Mashayekh, Majid"]
[Black "Kenning, Paul H"]
[Result "1/2-1/2"]
[WhiteElo "1875"]
[BlackElo "1858"]
[PlyCount "38"]
[EventDate "2019.11.09"]
[WhiteTeam "CSC 3"]
[BlackTeam "Iceni 2"]

1. e4 d6 2. d4 Nf6 3. Nc3 Nbd7 4. Nf3 e5 5. Bg5 Be7 6. Bc4 c6 7. Qd2 Qc7 8. O-O
h6 9. Bh4 Nf8 10. Bg3 Ng6 11. Rad1 Nh5 12. dxe5 dxe5 13. a3 O-O 14. Rfe1 Nxg3
15. hxg3 Bg4 16. Qe3 Qb6 17. Qxb6 axb6 18. Rd2 Rad8 19. Red1 b5 1/2-1/2

[Event "4NCL Division 4 South"]
[Site "Maidenhead, ENG"]
[Date "2019.11.09"]
[Round "1.23"]
[White "Lightfoot, Malcolm J"]
[Black "Saidmurodov, Shahjahon"]
[Result "0-1"]
[WhiteElo "1814"]
[BlackElo "1782"]
[PlyCount "70"]
[EventDate "2019.11.09"]
[WhiteTeam "Iceni 2"]
[BlackTeam "CSC 3"]

1. e4 b6 2. d4 Bb7 3. Bd3 e6 4. Nf3 d5 5. Nbd2 Nf6 6. e5 Nfd7 7. O-O c5 8. c3
Nc6 9. a3 Be7 10. Re1 Qc7 11. b4 a6 12. bxc5 bxc5 13. Rb1 g5 14. h3 h5 15. dxc5
g4 16. Nd4 Ncxe5 17. N2b3 gxh3 18. Bf4 Rg8 19. Qxh5 Rxg2+ 20. Kf1 Rxf2+ 21.
Kxf2 Nxd3+ 22. Ke3 Nxf4 23. Qh8+ Nf8 24. Rf1 Bg5 25. Qg8 Qe5+ 26. Kd2 Ng2+ 27.
Kc2 Ne3+ 28. Kb2 Nxf1 29. Rxf1 Bf6 30. Na5 Rb8 31. Ka2 Qh2+ 32. Ka1 Bc6 33. Rb1
Rxb1+ 34. Kxb1 Bxd4 35. cxd4 Qh1+ 0-1

[Event "4NCL Division 4 South"]
[Site "Maidenhead, ENG"]
[Date "2019.11.09"]
[Round "1.24"]
[White "John, Joshua"]
[Black "Lenton, Oliver J"]
[Result "0-1"]
[WhiteElo "1680"]
[BlackElo "1855"]
[PlyCount "80"]
[EventDate "2019.11.09"]
[WhiteTeam "CSC 3"]
[BlackTeam "Iceni 2"]

1. d4 Nf6 2. c4 c5 3. d5 b5 4. cxb5 a6 5. e3 Bb7 6. Nc3 Qa5 7. Bd2 axb5 8. Bxb5
Qb6 9. Bc4 e6 10. e4 Nxe4 11. dxe6 fxe6 12. Nxe4 Bxe4 13. Qh5+ Bg6 14. Qf3 Qxb2
15. Bc3 Qc2 16. Ne2 Qe4 17. Qg3 Qxc4 18. h4 Bd3 19. Qf3 Nc6 20. Qh5+ g6 21. Qg5
Nd4 22. Bxd4 cxd4 23. O-O Bxe2 24. Rfc1 Qd5 25. Qf6 Rg8 26. Qf4 d3 27. Qd2 Bg7
28. Rab1 Qxa2 29. Rb8+ Kf7 30. Qf4+ Bf6 31. Rb7 Rad8 32. Rcc7 Qa1+ 33. Kh2 Qe5
34. Rxd7+ Rxd7 35. Rxd7+ Ke8 36. Re7+ Kxe7 37. Qxe5 Bxe5+ 38. Kh3 d2 39. g4
d1=Q 40. g5 Qf1# 0-1

[Event "4NCL Division 4 South"]
[Site "Maidenhead, ENG"]
[Date "2019.11.09"]
[Round "1.25"]
[White "Donaghay, Richard H"]
[Black "Homolka, Vincent"]
[Result "1-0"]
[WhiteElo "1838"]
[BlackElo "1753"]
[PlyCount "39"]
[EventDate "2019.11.09"]
[WhiteTeam "Iceni 2"]
[BlackTeam "CSC 3"]

1. e4 d5 2. exd5 Qxd5 3. Nc3 Qa5 4. d4 Nf6 5. Nf3 c6 6. h3 Bf5 7. Bd2 Nbd7 8.
Bc4 Qc7 9. O-O e6 10. Re1 Nb6 11. Bb3 O-O-O 12. Ne2 Bd6 13. c4 c5 14. Qc1 Ne4
15. Be3 Bg6 16. a4 cxd4 17. Nfxd4 Nc5 18. Bc2 Bxc2 19. Qxc2 Bf4 20. Nb5 1-0

[Event "4NCL Division 4 South"]
[Site "Maidenhead, ENG"]
[Date "2019.11.09"]
[Round "1.26"]
[White "Kumar, Soham"]
[Black "Lovell, Steve"]
[Result "1-0"]
[WhiteElo "1541"]
[BlackElo "1770"]
[PlyCount "73"]
[EventDate "2019.11.09"]
[WhiteTeam "CSC 3"]
[BlackTeam "Iceni 2"]

1. e4 e5 2. Nf3 Nc6 3. Bb5 a6 4. Ba4 Nf6 5. O-O Be7 6. Re1 b5 7. Bb3 O-O 8. c3
d5 9. exd5 Nxd5 10. a4 Bb7 11. d4 exd4 12. cxd4 b4 13. Nbd2 Nf6 14. Nc4 Qd7 15.
Be3 Rad8 16. Qd3 Qg4 17. h3 Qh5 18. Rad1 Nb8 19. Nfe5 Nbd7 20. Nxd7 Nxd7 21.
Bf4 Nc5 22. Qe2 Qg6 23. Bg3 Nxb3 24. Qxe7 Qc6 25. d5 Qxc4 26. Bxc7 Rxd5 27. Bd6
Qc8 28. Rxd5 Bxd5 29. Qe5 Be6 30. Bxf8 Qxf8 31. Rd1 h6 32. Qc7 Qc5 33. Qb8+ Kh7
34. Rd8 Qg5 35. Rh8+ Kg6 36. f4 Qg3 37. f5+ 1-0

[Event "4NCL Division 4 South"]
[Site "Maidenhead, ENG"]
[Date "2019.11.09"]
[Round "1.31"]
[White "Gregory, Keith D F"]
[Black "Rogacewicz, Mikolaj"]
[Result "1/2-1/2"]
[WhiteElo "1941"]
[BlackElo "2057"]
[PlyCount "81"]
[EventDate "2019.11.09"]
[WhiteTeam "Wessex C"]
[BlackTeam "Sussex Martlets 2"]

1. Nf3 Nf6 2. c4 e6 3. g3 b6 4. Bg2 Bb7 5. O-O Be7 6. b3 O-O 7. Bb2 a5 8. d3 d6
9. Nbd2 Na6 10. a3 e5 11. Qc2 Qe8 12. Bc3 Nc5 13. Rab1 Nh5 14. d4 exd4 15. Nxd4
Bxg2 16. Kxg2 Bf6 17. N2f3 Qe4 18. Rfc1 Qg4 19. Qf5 Qxf5 20. Nxf5 Rfe8 21. Bxf6
Nxf6 22. N5d4 g6 23. Rc2 Ng4 24. Nb5 Re7 25. Nfd4 Rae8 26. h3 Nf6 27. Nc3 Kg7
28. Nc6 Rd7 29. b4 axb4 30. axb4 Ne6 31. Ra1 Nd8 32. Nxd8 Rexd8 33. e4 Ne8 34.
Nd5 Nf6 35. f3 Nxd5 36. cxd5 f6 37. g4 f5 38. Rac1 Rc8 39. g5 fxe4 40. fxe4 Re7
41. Kf3 1/2-1/2

[Event "4NCL Division 4 South"]
[Site "Maidenhead, ENG"]
[Date "2019.11.09"]
[Round "1.32"]
[White "Forster, Matthew"]
[Black "Bellers, Chris J"]
[Result "1-0"]
[WhiteElo "2014"]
[BlackElo "1932"]
[PlyCount "79"]
[EventDate "2019.11.09"]
[WhiteTeam "Sussex Martlets 2"]
[BlackTeam "Wessex C"]

1. c4 g6 2. g3 Bg7 3. Bg2 c5 4. Nc3 Nc6 5. a3 d6 6. Rb1 Qd7 7. Nf3 b6 8. O-O
Bb7 9. e3 Bxc3 10. bxc3 Na5 11. d4 Nf6 12. Qe2 Qa4 13. dxc5 bxc5 14. Re1 O-O
15. Nd2 Bxg2 16. Kxg2 Rab8 17. Rxb8 Rxb8 18. e4 Nd7 19. f4 Nb6 20. e5 Nbxc4 21.
e6 f6 22. h4 Qc2 23. Ne4 Qxe2+ 24. Rxe2 Kg7 25. g4 Rb1 26. Be3 Nxe3+ 27. Rxe3
Rb2+ 28. Kh1 Nc4 29. Re1 Kf8 30. h5 a5 31. a4 Nb6 32. f5 gxf5 33. gxf5 Nd5 34.
h6 Nf4 35. Rg1 Nh5 36. Rg4 Rc2 37. Rh4 Re2 38. Kg1 c4 39. Ng3 Nxg3 40. Rxc4 1-0

[Event "4NCL Division 4 South"]
[Site "Maidenhead, ENG"]
[Date "2019.11.09"]
[Round "1.33"]
[White "Marsh, Roger D W"]
[Black "Higgs, Anthony R J"]
[Result "0-1"]
[WhiteElo "1937"]
[BlackElo "2050"]
[PlyCount "60"]
[EventDate "2019.11.09"]
[WhiteTeam "Wessex C"]
[BlackTeam "Sussex Martlets 2"]

1. d4 Nf6 2. c4 c5 3. d5 e5 4. Nc3 d6 5. e4 Be7 6. h3 Nbd7 7. Bd3 a6 8. a4 Rb8
9. Nf3 Nf8 10. Be3 Ng6 11. Qd2 h5 12. O-O h4 13. a5 b6 14. axb6 Rxb6 15. Rfb1
O-O 16. Na2 Nh5 17. b4 Nhf4 18. bxc5 Rxb1+ 19. Rxb1 dxc5 20. Bf1 f5 21. exf5
Bxf5 22. Re1 Bd6 23. Bxf4 Nxf4 24. Nc3 Qf6 25. Ne4 Bxe4 26. Rxe4 Qg6 27. Qe1
Nxh3+ 28. Kh2 Nxf2 29. Rxh4 e4+ 30. Kg1 Rxf3 0-1

[Event "4NCL Division 4 South"]
[Site "Maidenhead, ENG"]
[Date "2019.11.09"]
[Round "1.34"]
[White "Howell, Oliver W"]
[Black "Krawczuk, Michael J"]
[Result "1-0"]
[WhiteElo "1982"]
[BlackElo "1856"]
[PlyCount "79"]
[EventDate "2019.11.09"]
[WhiteTeam "Sussex Martlets 2"]
[BlackTeam "Wessex C"]

1. Nf3 c5 2. c4 Nc6 3. g3 Nf6 4. Nc3 d6 5. d4 cxd4 6. Nxd4 Bd7 7. Bg2 e6 8. O-O
Be7 9. Ndb5 Qb8 10. Bf4 Ne5 11. Qb3 Bc6 12. Bxc6+ bxc6 13. Nd4 Qc7 14. Qa4 Rc8
15. c5 O-O 16. Rfd1 Nfd7 17. cxd6 Bxd6 18. Ne4 Be7 19. Rac1 c5 20. b3 Qb7 21.
Nb5 Nb6 22. Ned6 Qb8 23. Qxa7 Nc6 24. Qxb8 Rxb8 25. Rxc5 Nb4 26. a4 N4d5 27.
Rc6 Nxf4 28. gxf4 Nd5 29. e3 Rfd8 30. Ne4 Bb4 31. Rc4 Be7 32. Nec3 Nb4 33.
Rxd8+ Rxd8 34. Rd4 Rc8 35. Rd7 Bf6 36. Ne4 Rc1+ 37. Kg2 Rb1 38. Rb7 h5 39.
Nxf6+ gxf6 40. Nc3 1-0

[Event "4NCL Division 4 South"]
[Site "Maidenhead, ENG"]
[Date "2019.11.09"]
[Round "1.35"]
[White "Adaway, William"]
[Black "Howell, Chris I"]
[Result "0-1"]
[WhiteElo "1851"]
[BlackElo "1956"]
[PlyCount "66"]
[EventDate "2019.11.09"]
[WhiteTeam "Wessex C"]
[BlackTeam "Sussex Martlets 2"]

1. c4 Nf6 2. Nc3 g6 3. e4 d6 4. d4 Bg7 5. Nf3 O-O 6. h3 Na6 7. Be2 e5 8. d5 Nc5
9. Qc2 a5 10. g4 c6 11. Bg5 Qc7 12. O-O-O cxd5 13. Bxf6 Bxf6 14. Nxd5 Qd8 15.
Rdg1 Be6 16. Kb1 Bxd5 17. cxd5 Qb6 18. Nd2 Rfc8 19. Nc4 Qd8 20. h4 b5 21. g5
Be7 22. Ne3 b4 23. Nc4 a4 24. Bg4 b3 25. Qe2 bxa2+ 26. Kxa2 Rcb8 27. Rh3 Rb3
28. f4 exf4 29. e5 dxe5 30. Qxe5 Nd3 31. Qd4 Bc5 32. Qxd3 Rxd3 33. Rxd3 Bxg1
0-1

[Event "4NCL Division 4 South"]
[Site "Maidenhead, ENG"]
[Date "2019.11.09"]
[Round "1.36"]
[White "Graham, William M"]
[Black "Smith, Richard"]
[Result "0-1"]
[WhiteElo "1990"]
[BlackElo "1795"]
[PlyCount "184"]
[EventDate "2019.11.09"]
[WhiteTeam "Sussex Martlets 2"]
[BlackTeam "Wessex C"]

1. c4 Nf6 2. Nc3 e6 3. e4 c5 4. g3 Nc6 5. Bg2 Rb8 6. Nge2 a6 7. a4 Qa5 8. O-O
b5 9. cxb5 axb5 10. Nxb5 Rxb5 11. axb5 Qxa1 12. bxc6 dxc6 13. Qb3 Be7 14. d3
O-O 15. Be3 Qa5 16. Rc1 Ng4 17. d4 Nxe3 18. Qxe3 Rd8 19. dxc5 Ba6 20. Bf1 h6
21. Nf4 e5 22. Nd3 Bxd3 23. Bxd3 Bg5 24. f4 exf4 25. gxf4 Bxf4 26. Qxf4 Rxd3
27. e5 Qd2 28. Rf1 Qxf4 29. Rxf4 Rd5 30. b4 Rxe5 31. Kf2 Kf8 32. Rd4 Re6 33.
Kf3 Ke7 34. h4 g5 35. Kg4 f6 36. Kh5 gxh4 37. Rxh4 f5 38. Rf4 Kf6 39. Rd4 Ke5
40. Rd1 f4 41. Kg4 Rg6+ 42. Kf3 Rg3+ 43. Kf2 Rg6 44. Kf3 h5 45. Rh1 Rg3+ 46.
Kf2 Rg5 47. Kf3 Kf5 48. Rh3 Ke5 49. Rh1 Rf5 50. Rd1 Rf6 51. Re1+ Kf5 52. Rh1
Kg5 53. Rg1+ Kh6 54. Rd1 Kg5 55. Rg1+ Kf5 56. Rh1 Kg6 57. Rg1+ Kf7 58. Rg5 Rh6
59. Rf5+ Ke6 60. Rg5 h4 61. Kxf4 h3 62. Re5+ Kd7 63. Re1 h2 64. Rh1 Kc7 65. Kg3
Kb7 66. Kg2 Ka6 67. Rb1 Kb5 68. Kh1 Rh4 69. Rb2 Rxb4 70. Rc2 Rc4 71. Rb2+ Kxc5
72. Kxh2 Kd4 73. Kg2 Ke3 74. Rb8 Ke2 75. Re8+ Kd3 76. Kf3 c5 77. Re3+ Kd2 78.
Re5 Rc3+ 79. Kf2 c4 80. Rc5 Rc1 81. Rd5+ Kc2 82. Ke2 c3 83. Rd8 Rb1 84. Rd7 Rb3
85. Rh7 Kb2 86. Rc7 Rb6 87. Kd1 Rd6+ 88. Ke2 c2 89. Rb7+ Kc1 90. Rc7 Re6+ 91.
Kd3 Kd1 92. Rh7 Rd6+ 0-1

[Event "4NCL Division 4 South"]
[Site "Maidenhead, ENG"]
[Date "2019.11.09"]
[Round "1.41"]
[White "Fletcher, John"]
[Black "Covey, Jason"]
[Result "1-0"]
[WhiteElo "2002"]
[BlackElo "2042"]
[PlyCount "69"]
[EventDate "2019.11.09"]
[WhiteTeam "The Full Ponty"]
[BlackTeam "Barnet Knights 2"]

1. e4 e6 2. d4 d5 3. Nd2 Nf6 4. e5 Nfd7 5. Bd3 c5 6. c3 Nc6 7. Ne2 cxd4 8. cxd4
f6 9. Nf4 Nxd4 10. Qh5+ Ke7 11. exf6+ Nxf6 12. Ng6+ hxg6 13. Qxh8 Kf7 14. O-O
Bd7 15. Nb3 Nxb3 16. axb3 Qb6 17. Bg5 Qxb3 18. Bxf6 Qxd3 19. Be5 a6 20. Rac1
Qf5 21. Bxg7 Bc6 22. Be5 Bh6 23. Qh7+ Ke8 24. Qxh6 Qxe5 25. Qxg6+ Kd7 26. Rfe1
Qd6 27. Re3 Re8 28. Rf3 Qb4 29. Qg7+ Re7 30. Qe5 Qd2 31. Re1 Qb4 32. Rf6 Qg4
33. f3 Qg8 34. h4 Kd8 35. Qb8+ 1-0

[Event "4NCL Division 4 South"]
[Site "Maidenhead, ENG"]
[Date "2019.11.09"]
[Round "1.42"]
[White "Vaidya, Raghav"]
[Black "Adams, Mark"]
[Result "1/2-1/2"]
[WhiteElo "1697"]
[BlackElo "1969"]
[PlyCount "42"]
[EventDate "2019.11.09"]
[WhiteTeam "Barnet Knights 2"]
[BlackTeam "The Full Ponty"]

1. c4 e5 2. Nc3 Nf6 3. g3 d5 4. cxd5 Nxd5 5. Bg2 Nb6 6. Nf3 Nc6 7. O-O Be7 8.
d3 O-O 9. Re1 Be6 10. Bd2 f6 11. h3 Kh8 12. Kh2 Nd5 13. Nxd5 Bxd5 14. Bc3 Qd7
15. e4 Bg8 16. d4 exd4 17. Nxd4 Nxd4 18. Bxd4 Rfd8 19. Bc3 Qb5 20. Qc2 Bd6 21.
f4 Re8 1/2-1/2

[Event "4NCL Division 4 South"]
[Site "Maidenhead, ENG"]
[Date "2019.11.09"]
[Round "1.43"]
[White "Roberts, David L"]
[Black "Wolstenholme, Otis"]
[Result "1-0"]
[WhiteElo "2011"]
[BlackElo "1682"]
[PlyCount "105"]
[EventDate "2019.11.09"]
[WhiteTeam "The Full Ponty"]
[BlackTeam "Barnet Knights 2"]

1. e4 e6 2. d4 d5 3. Nd2 Nf6 4. e5 Nfd7 5. Bd3 c5 6. c3 Nc6 7. Ne2 cxd4 8. cxd4
f6 9. exf6 Nxf6 10. Nf3 Bd6 11. O-O Qc7 12. Bg5 O-O 13. Rc1 h6 14. Bh4 Bd7 15.
Bg3 Bxg3 16. hxg3 Qd6 17. Nf4 Be8 18. Re1 Bf7 19. Bb5 Rac8 20. Bxc6 Rxc6 21.
Ne5 Rxc1 22. Qxc1 Re8 23. f3 Nd7 24. Nfd3 Nb6 25. Qc5 Qxc5 $11 26. Nxc5 Re7 27.
b3 g6 28. Kf2 Kg7 29. Ke3 Be8 30. Rc1 Bc6 31. Rh1 h5 32. g4 hxg4 33. Nxg4 Nd7
34. Nxd7 Bxd7 35. Ne5 Be8 36. Rc1 Kf6 37. Rc8 Kg7 38. Kf4 Kf6 39. Ng4+ Kg7 40.
Kg5 Bf7 $11 41. f4 Be8 42. Ne5 Bf7 43. g3 Be8 44. Ng4 Bf7 45. Nf6 b6 46. b4 Rb7
47. Ng4 Re7 48. Ne5 Be8 49. a3 Bf7 50. b5 Be8 51. Nc6 Bxc6 52. bxc6 b5 53. c7
1-0

[Event "4NCL Division 4 South"]
[Site "Maidenhead, ENG"]
[Date "2019.11.09"]
[Round "1.44"]
[White "Carter, Rebecca"]
[Black "Davies, Peter"]
[Result "1/2-1/2"]
[WhiteElo "1712"]
[BlackElo "1933"]
[PlyCount "52"]
[EventDate "2019.11.09"]
[WhiteTeam "Barnet Knights 2"]
[BlackTeam "The Full Ponty"]

1. c4 e5 2. Nc3 g6 3. Nf3 Bg7 4. g3 d6 5. Bg2 Ne7 6. O-O O-O 7. d3 f5 8. Bg5 c6
9. Qd2 a5 10. a3 Na6 11. Rab1 Be6 12. Bh6 f4 13. Bxg7 Kxg7 14. b4 axb4 15. axb4
Nc7 16. Ra1 fxg3 17. hxg3 Qd7 18. Ne4 Bf5 19. c5 Nb5 20. cxd6 Nxd6 21. Nxe5 Qc7
22. Nxd6 Qxd6 23. Qb2 Qf6 24. Nc4 Bg4 25. Qxf6+ Kxf6 26. e3 Be2 1/2-1/2

[Event "4NCL Division 4 South"]
[Site "Maidenhead, ENG"]
[Date "2019.11.09"]
[Round "1.45"]
[White "Hughes, Anthony"]
[Black "Farahi-Far, Arman"]
[Result "1-0"]
[WhiteElo "1874"]
[BlackElo "1645"]
[PlyCount "75"]
[EventDate "2019.11.09"]
[WhiteTeam "The Full Ponty"]
[BlackTeam "Barnet Knights 2"]

1. e4 c5 2. Nf3 Nc6 3. Bb5 g6 4. O-O Bg7 5. Re1 a6 6. Bf1 d6 7. c3 Bg4 8. h3
Bxf3 9. Qxf3 Nf6 10. d3 O-O 11. Be3 e5 12. Nd2 Nd7 13. Rad1 f5 14. exf5 Rxf5
15. Qd5+ Kh8 16. Ne4 Bf8 17. Nxd6 Bxd6 18. Qxd6 Rf6 19. Qd5 Qe7 20. Bg5 Rd6 21.
Bxe7 Rxd5 22. Bg5 Kg7 23. Be2 Nb6 24. Bh4 Na4 25. Bf3 Rd6 26. Bxc6 Rxc6 27.
Rxe5 Nxb2 28. Rb1 Rb6 $11 29. Re2 Na4 30. Rxb6 Nxb6 31. Rb2 Nd5 32. Rxb7+ Kg8
33. Rb3 Nf4 34. c4 Ne2+ 35. Kf1 Nc1 36. Ra3 Ra7 37. Ke1 Rd7 38. Kd2 1-0

[Event "4NCL Division 4 South"]
[Site "Maidenhead, ENG"]
[Date "2019.11.09"]
[Round "1.46"]
[White "Sanfey, Gregor"]
[Black "Dixon, Chris"]
[Result "0-1"]
[WhiteElo "1607"]
[BlackElo "1740"]
[PlyCount "82"]
[EventDate "2019.11.09"]
[WhiteTeam "Barnet Knights 2"]
[BlackTeam "The Full Ponty"]

1. d4 d5 2. Nf3 Nf6 3. c4 e6 4. Nc3 Be7 5. e3 O-O 6. Bd3 b6 7. cxd5 exd5 8. O-O
Bb7 9. Ne5 c5 10. g4 Nc6 11. g5 Ne4 12. Bxe4 dxe4 13. Nxc6 Bxc6 14. d5 Bd7 15.
h4 Bxg5 16. hxg5 Qxg5+ 17. Kh2 Qh4+ 18. Kg1 Bh3 19. Ne2 Bxf1 20. Qxf1 Rad8 21.
Nc3 Rd6 22. Qc4 Rg6+ 23. Kf1 Qh1+ 24. Ke2 Qf3+ 25. Kf1 Rh6 26. Ke1 Rh1+ 27. Kd2
Qxf2+ 28. Qe2 Qh4 29. Qc4 Rh2+ 30. Kd1 Qg4+ 31. Ne2 Rd8 32. Bd2 Rh1+ 33. Be1
Rh5 34. Kc2 Rhxd5 35. Nf4 Rd1 36. Qe2 Qxe2+ 37. Nxe2 Rxa1 38. Nc1 f5 39. b3 Kf7
40. Bc3 Rxc1+ 41. Kxc1 Rd3 0-1

[Event "4NCL Division 4 South"]
[Site "Maidenhead, ENG"]
[Date "2019.11.09"]
[Round "1.51"]
[White "Ogunshola, Ben"]
[Black "Webster, David"]
[Result "1/2-1/2"]
[WhiteElo "2169"]
[BlackElo "1968"]
[PlyCount "139"]
[EventDate "2019.11.09"]
[WhiteTeam "The Pitstop"]
[BlackTeam "Celtic Tigers 2"]

1. c4 c5 2. g3 g6 3. Nc3 Nc6 4. Bg2 Bg7 5. Rb1 d6 6. a3 a5 7. d3 e5 8. e3 Nge7
9. Nge2 O-O 10. O-O Be6 11. Nd5 Rb8 12. Nec3 Na7 13. b4 axb4 14. axb4 cxb4 15.
Nxb4 Qd7 16. Ba3 Rfc8 17. Qd2 b5 18. Nxb5 Nxb5 19. cxb5 Rxb5 20. Nc6 Rxb1 21.
Nxe7+ Qxe7 22. Rxb1 Qd8 23. Rb7 Rb8 24. Qb4 Rxb7 25. Bxb7 d5 26. Qd6 Qxd6 27.
Bxd6 f6 28. f4 Kf7 29. Bc6 g5 30. Kf2 exf4 31. gxf4 Bf8 32. Bc7 Bc5 33. d4 Bb4
34. f5 Bxf5 35. Bxd5+ Be6 36. Bf3 Ke7 37. e4 Bd6 38. Bxd6+ Kxd6 39. Kg3 Bc8 40.
Bg4 Bb7 41. Bf5 h5 42. Kf3 Ba6 43. Bg6 h4 44. Bf5 Bc4 45. Bc8 Kc7 46. Bh3 Kd6
47. Bf5 Bb3 48. Ke3 Bd1 49. Bc8 Bh5 50. Bb7 Bd1 51. Ba6 Bh5 52. Be2 Bg6 53. Bg4
Be8 54. Bf3 Bd7 55. Bd1 Be8 56. Bc2 Bh5 57. Bd3 Be8 58. Ba6 Bd7 59. Kf3 Be6 60.
Bb5 Bc8 61. Bc4 Bd7 62. Bb3 Bc8 63. Bf7 Bd7 64. Bg8 Bc8 65. Bh7 Bd7 66. Bg6 Be6
67. Be8 Bc8 68. Bh5 Bd7 69. Bg4 Ba4 70. Ke2 1/2-1/2

[Event "4NCL Division 4 South"]
[Site "Maidenhead, ENG"]
[Date "2019.11.09"]
[Round "1.52"]
[White "Tivillier, Jacques"]
[Black "Froom, Oliver"]
[Result "0-1"]
[WhiteElo "1922"]
[BlackElo "1927"]
[PlyCount "38"]
[EventDate "2019.11.09"]
[WhiteTeam "Celtic Tigers 2"]
[BlackTeam "The Pitstop"]

1. e4 c5 2. Nf3 d6 3. d4 cxd4 4. Nxd4 Nf6 5. f3 e5 6. Nb3 d5 7. Bg5 Be6 8. a3
Nc6 9. exd5 Bxd5 10. Nc3 Be6 11. Bd3 Qb6 12. Na4 Qc7 13. O-O Be7 14. Kh1 Rd8
15. Qe2 h6 16. Bd2 O-O 17. Nc3 Bxb3 18. cxb3 Nd4 19. Nb5 Nxe2 0-1